01223nam a22002777a 4500003000400000005001700004008004100021040002200062082001800084100002700102245004300129260004700172300001900219366000800238490001300246505016400259505018200423505001200605650004100617650005000658650004400708650004800752650004300800650005500843650004700898OSt20230503160448.0221006b |||||||| |||| 00| 0 eng d cBiblioteca Lado V a709.05bR643f aRoberts, Jameseeditor aFrieze/bContemporary Art And Culture/ bDurian Publications Ltd.aInglaterrac2004 c23x30cma180p. eeng a86v2004 tFRONTaState of the Art Letters Laughter View from the bridge Informant Fairground Attraction The first curator Books Debate Events Et in Arcadia Ego tMIDDLEaHear Here Bruce Nauman Roll With It Women on the Verge Middle, end, beginning Ryan Gander Tommy Stockel Ernesto Caivano Anselm Reyle City report Questionnaire  tREVIEWS 2Tesauro de Arte & ArquitecturaaARTE 2Tesauro de Arte & ArquitecturaaEXPOSICIONES  2Tesauro de Arte & ArquitecturaaCULTURA 2Tesauro de Arte & ArquitecturaaAPRECIACION 2Tesauro de Arte & ArquitecturaaTEORIA 2Tesauro de Arte & ArquitecturaaARTE CONTEMPORANEO 2Tesauro de Arte & ArquitecturaaINGLATERRA